000 00423nam a22001697a 4500
005 20250829144054.0
008 250829b |||||||| |||| 00| 0 eng d
037 _cTB
040 _aCRL
_cCRL
041 _2eng
_aeng
084 _qCRL
245 _aSelectrons in English poetry
260 _aDelhi, India:
_bOxford UniversityPress,
_c1990.
300 _a64p.
942 _2CC
_cTB
_n0
999 _c1434993
_d1434993